000 00924nam a2200265 a 4500
001 BRL_1034
005 20190320211015.0
008 041113c1988----mx-a#####b---#000-0#spa-#
020 _a9682917352
041 _aspa
044 _amx
050 4 _aZ1209.2M4
_b.I53 1988
245 1 0 _aÍndice bibliográfico sobre artesanías
_ccoordinación Marta Turok.
260 _aMéxico
_bSEP : Dirección General de Culturas Populares, Programa de Artesanías y Culturas Populares
_c1988
300 _a282 p.
_bil. a color, 19 láminas
_c21 cm.
440 0 _aSerie bibliográfica
_925633
500 _aIncluye obras de apoyo, índice por autor y por título
500 _aAu1201
650 1 4 _aArtesanías
_vBibliografía
_zMéxico
_925634
650 1 4 _aArte índigena
_vBibliografía
_zMéxico
_923531
650 1 4 _aArte popular
_vBibliografía
_zMéxico
_923530
700 1 _aTurok, Marta
_923269
902 _aGRL
942 _2lcc
_cB
999 _c9846
_d9846